Ethnic origins of non-Turkish Grand Viziers - alternative version - Statistics

General Stats
  • This quiz has been taken 46 times
    45 since last reset
  • The average score is 5 of 23
Answer Stats
Hint Extra Hint Answer % Correct
0,91% Place of a Khanate Crimean Tatar
48%
1,83% Arabic (Levant) Syrian
48%
2,75% The only South-Slavic country that borders the Black Sea Bulgarian
39%
11,00% Closest neighbor Greek
39%
1,83% Balkanic place of the 1804 insurrections Serb
35%
1,83% Finno-Ugric speaking Hungarian
32%
0,91% 2nd smallest Balkans country Montenegrin
32%
32,11% Köprülü family's origins Albanian
26%
1,83% Romance language-speaker Moldovan
26%
5,50% The only South-Slavic country's flag with a crescent Croat
23%
1,83% Levantine Sea Cypriot
23%
1,83% Trader Italian
23%
12,84% Arebica & sevdalinka country Bosniak
19%
0,91% Enemy of the Sublime Porte for several wars Russian
19%
0,91% Caucasian Armenian
16%
0,91% Arabic (Middle-East) Egyptian
16%
10,09% Caucasian (West) Georgian
16%
0,91% Anatolian Syrian Turkmen
16%
5,50% Caucasian Circassian
13%
0,91% Muslim Slavic speaker Pomak
13%
0,91% Caucasian Abkhazian
10%
0,91% Caucasian Chechen
10%
4,58% Caucasian Abaza
3%
No matching quizzes found
Score Distribution
Percent of People with Each Score
Percentile by Number Answered
Your Score History
You have not taken this quiz since the last reset